00530nam a22001937a 4500001000500000005001700005008004100022020001800063040001500081050001600096082001000112100002600122245005300148505000600201520008400207521001800291521001800309650000900327146920230825144615.0230825b cb ||||| |||| 00| 0 eng d a9781471144585 aFISKHbeng aPZ7.R915935 a813.6 aRussell, Rachel Renee aDork diaries /bPuppy lovecRachel Renee Russell aM aNikki tries to be a pet sitter, but realizes it's harder work than she thought. a670 bLexile aM bRaz-Plus apets